00540nam a2200157Ia 4500020003100000020002900031040000800060082002700068100002500095245004100120260006300161300008500224650002100309700002200330710003000352 a0785430571 (teacher's ed.) a0785430563 (student ed.) cMNC a425 ASG 2003 A023 Or.1 aAinsworth, Barbara A10aEnglish to use.bteacher's edition / aCircle Pines, MN :bAGS, American Guidance Service,cc2003 aT18, xvi, 338 p. :bill. ;c28 cm. +eStudent text (xvi, 304 p. : ill. ; 24 cm.) 0aEnglish language1 aTrautman, David H2 aAmerican Guidance Service